[Event "POR-ch U16"]
[Site "Armacao de Pera"]
[Date "2001.04.10"]
[Round "4.3"]
[White "Pinheiro, Daniel"]
[Black "Pinheiro, Tiago"]
[Result "1/2-1/2"]
[WhiteElo "1665"]
[BlackElo "1646"]
[PlyCount "87"]
[EventDate "2001.04.07"]
[EventType "swiss"]
[EventRounds "7"]
[EventCountry "POR"]
[SourceTitle "EXT 2002"]
[Source "ChessBase"]
[SourceDate "2001.11.25"]
[SourceVersion "1"]
[SourceVersionDate "2001.11.25"]
[SourceQuality "1"]

1. c4 c6 2. Nc3 d5 3. d4 e6 4. Nf3 dxc4 5. e3 b5 6. a4 Bb4 7. Bd2 Qb6 8. b3 cxb3 9. Qxb3 bxa4 10. Qxa4 a5 11. Ne4 Bxd2+ 12. Nfxd2 Ne7 13. Nd6+ Kf8 14. Qa3 Nd7 15. Rb1 Qc7 16. Be2 Nb6 17. e4 g6 18. h4 h6 19. e5 Ba6 20. Bxa6 Rxa6 21. 0-0 Kg7 22. g4 Ned5 23. N2e4 Ra7 24. Rb3 Nc8 25. Rf3 Nxd6 26. Nxd6 Rf8 27. Rxf7+ Qxf7 28. Nxf7 Rfxf7 29. Rc1 Nb4 30. Rc5 Rab7 31. Rxa5 Nd5 32. Qa1 Nf4 33. Ra3 Nd5 34. Qd1 Rf4 35. f3 h5 36. gxh5 gxh5 37. Rb3 Ra7 38. Qd2 Kh7 39. Qb2 Rg7+ 40. Kf1 Rxh4 41. Qc2+ Kh6 42. Qxc6 Rh1+ 43. Kf2 Rh2+ 44. Kf1 1/2-1/2